A carregar...

Symposium of tuberculosis /

Detalhes bibliográficos
Autor principal: Heaf, Frg
Idioma:Undetermined
Publicado em: 1957.
LEADER 00363nam a2200121Ia 4500
001 29988
008 170722s9999 xx 000 0 und d
100 |a Heaf, Frg 
245 |a Symposium of tuberculosis / 
260 |c 1957. 
942 |c GEN 
999 |c 59380  |d 59380 
952 |0 0  |1 0  |4 0  |6 L_4216_J7  |7 0  |8 LC1  |9 84844  |a LIB  |b LIB  |d 2017-08-12  |h LC1  |o L:421:6 J7  |p 89212  |r 2017-08-12  |w 2017-08-12  |y GEN